Work- life balance in health care sector at Indiana Hospital / (Record no. 231160)
[ view plain ]
| 000 -LEADER | |
|---|---|
| fixed length control field | 00664nam a22001817a 4500 |
| 003 - CONTROL NUMBER IDENTIFIER | |
| control field | OSt |
| 005 - DATE AND TIME OF LATEST TRANSACTION | |
| control field | 20240613144208.0 |
| 008 - FIXED-LENGTH DATA ELEMENTS--GENERAL INFORMATION | |
| fixed length control field | 240613b ||||| |||| 00| 0 eng d |
| 040 ## - CATALOGING SOURCE | |
| Transcribing agency | AIMIT LIBRARY |
| 100 ## - MAIN ENTRY--PERSONAL NAME | |
| Personal name | Mathew, Anusha Mary. |
| Relator term | 2116024 |
| 9 (RLIN) | 170611 |
| 245 ## - TITLE STATEMENT | |
| Title | Work- life balance in health care sector at Indiana Hospital / |
| Statement of responsibility, etc. | By Anusha Mary Mathew ; Guided by Beena Dias. |
| 260 ## - PUBLICATION, DISTRIBUTION, ETC. | |
| Place of publication, distribution, etc. | Mangalore |
| Date of publication, distribution, etc. | 2023 |
| 650 ## - SUBJECT ADDED ENTRY--TOPICAL TERM | |
| Topical term or geographic name entry element | Conceptual framework |
| 9 (RLIN) | 170612 |
| 650 ## - SUBJECT ADDED ENTRY--TOPICAL TERM | |
| Topical term or geographic name entry element | Socio demographic profile of the respondent |
| 9 (RLIN) | 170613 |
| 700 ## - ADDED ENTRY--PERSONAL NAME | |
| Personal name | Dias, Beena. |
| Relator term | Guide |
| 9 (RLIN) | 170614 |
| 856 ## - ELECTRONIC LOCATION AND ACCESS | |
| Materials specified | Indiana Hospital and Heart Institute Limited |
| Link text | www.indianahospital.in |
| 942 ## - ADDED ENTRY ELEMENTS (KOHA) | |
| Source of classification or shelving scheme | Dewey Decimal Classification |
| Koha item type | Project Report |
| Withdrawn status | Lost status | Source of classification or shelving scheme | Damaged status | Not for loan | Collection code | Home library | Current library | Shelving location | Date acquired | Total Checkouts | Barcode | Date last seen | Copy number | Uniform Resource Identifier | Price effective from | Koha item type |
|---|---|---|---|---|---|---|---|---|---|---|---|---|---|---|---|---|
| Dewey Decimal Classification | Not for loan | Project Report MBA | St Aloysius Institute of Management & Information Technology | St Aloysius Institute of Management & Information Technology | Dissertations | 06/13/2024 | PRB02034 | 06/13/2024 | 2116024 | www.indianahospital.in | 06/13/2024 | Project Report |